| 000 | 00682cab a2200241 4500 | ||
|---|---|---|---|
| 001 | WB3041-37 | ||
| 008 | 090401t1994 xxu||||| |||| 00| 0 eng d | ||
| 035 | _a(Sirsi) u26681 | ||
| 041 | _aeng | ||
| 245 | _aGreater Atlanta | ||
| 260 | _c1994 | ||
| 300 | _aLOAN | ||
| 350 | _a0 | ||
| 490 |
_aFinancial Times _v1 November 1994, (8) |
||
| 520 | _aAn FT survey on Greater Atlanta including investment, banking, property market trends, transport developments and telecommunications. | ||
| 650 | _aATLANTA | ||
| 650 | _aGREATER ATLANTA | ||
| 650 | _aOLYMPIC GAMES 1996 | ||
| 650 | _aUNITED STATES | ||
| 690 | _aOVERSEAS-NORTH AMERICA | ||
| 942 | _n0 | ||
| 948 | _c04/03/1997 | ||
| 999 |
_c17952 _d17952 |
||